Dynamics of hydrogen liner formation in the inverse Z-pinch configuration at the MIG generator. First results on the study of the pd reaction; Proceedings of the 15th International Conference on High-Power Particle Beams, Saint-Petersburg, july 18-23, 2004

Detalhes bibliográficos
Parent link:Proceedings of the 15th International Conference on High-Power Particle Beams, Saint-Petersburg, july 18-23, 2004.— 2005.— P. 718-721
Outros Autores: Bystritsky V. M., Bysritskii Vit. M., Dudkin G. N. Gennadiy Nikolaevich, Gerasimov V. V., Krylov A. R., Mesyats G. A. Gennady Andreyevich, Nechaev B. A. Boris Aleksandrovich, Padalko V. N. Vladimir Nikolaevich, Parzhitsky S. S., Pen'kov F. M., Ratakhin N. A., Stolupin V. A., Wozniak J.
Resumo:В фонде НТБ ТПУ отсутствует
Idioma:inglês
Publicado em: 2005
Assuntos:
Formato: Capítulo de Livro
KOHA link:https://koha.lib.tpu.ru/cgi-bin/koha/opac-detail.pl?biblionumber=596763

MARC

LEADER 00000naa0a2200000 4500
001 596763
005 20250122145248.0
035 |a (RuTPU)RU\TPU\tpu\19789 
090 |a 596763 
100 |a 20110823d2005 k||y0rusy50 ba 
101 0 |a eng 
102 |a RU 
200 1 |a Dynamics of hydrogen liner formation in the inverse Z-pinch configuration at the MIG generator. First results on the study of the pd reaction  |f V. M. Bystritsky [et al.] 
333 |a В фонде НТБ ТПУ отсутствует 
463 |t Proceedings of the 15th International Conference on High-Power Particle Beams, Saint-Petersburg, july 18-23, 2004  |v P. 718-721  |d 2005 
610 1 |a труды учёных ТПУ 
701 1 |a Bystritsky  |b V. M. 
701 1 |a Bysritskii  |b Vit. M. 
701 1 |a Dudkin  |b G. N.  |c specialist in the field of nuclear physics  |c Senior researcher of Tomsk Polytechnic University, Candidate of physical and mathematical sciences  |f 1944-  |g Gennadiy Nikolaevich  |3 (RuTPU)RU\TPU\pers\34190  |9 17724 
701 1 |a Gerasimov  |b V. V. 
701 1 |a Krylov  |b A. R. 
701 1 |a Mesyats  |b G. A.  |c russian physicist  |c academican, vice-president of RAS  |c graduate of Tomsk Polytechnic Institute  |f 1936-  |g Gennady Andreyevich  |3 (RuTPU)RU\TPU\pers\28088  |4 070 
701 1 |a Nechaev  |b B. A.  |c physicist  |c leading engineer of Tomsk Polytechnic University  |f 1945-  |g Boris Aleksandrovich  |3 (RuTPU)RU\TPU\pers\34601 
701 1 |a Padalko  |b V. N.  |c physicist  |c Leading engineer of Tomsk Polytechnic University  |f 1949-  |g Vladimir Nikolaevich  |3 (RuTPU)RU\TPU\pers\32978 
701 1 |a Parzhitsky  |b S. S. 
701 1 |a Pen'kov  |b F. M. 
701 1 |a Ratakhin  |b N. A. 
701 1 |a Stolupin  |b V. A. 
701 1 |a Wozniak  |b J. 
801 1 |a RU  |b 63413507  |c 20110823 
801 2 |a RU  |b 63413507  |c 20150522  |g RCR 
942 |c BK